Logo BPK

Biblioteka

Politechniki Koszalińskiej

Gendrik Anton Lorenc 1853-1928 / (Rekord nr 26722)

Szczegóły MARC
000 -ETYKIETA REKORDU
podpole kontrolne o stałej długości 00449nam a2200157 i 4500
001 - NUMER KONTROLNY REKORDU
pole kontrolne bg
040 ## - ŹRÓDŁO KATALOGOWANIA
Instytucja, która utworzyła rekord BPK
041 ## - KOD JĘZYKA
Kod języka tekstu pol
008 - POLE O STAŁEJ DŁUGOŚCI - DANE KONTROLNE
podpole kontrolne o stałej długości s pl f |000 0 pol
100 1# - NAZWA OSOBOWA
Nazwa osobowa Kljaus, E. M.
245 10 - TYTUŁ/ODPOWIEDZIALNOŚĆ
Tytuł Gendrik Anton Lorenc 1853-1928 /
Pozostałe elementy strefy tytułu i oznaczenia odpowiedzialności E.M. Kljaus, U.I. Frankfurt, A.M. Frenk.
260 ## - STREFA ADRESU WYDAWNICZEGO
Miejsce wydania Moskva,
Data publikacji, dystrybucji/powstania dokumentu 1974.
700 1# - HASŁO DODATKOWE - NAZWA OSOBOWA
Nazwa osobowa Frankfurt, Ušer. Ionovič
Daty związane z nazwą (1908-1982).
700 1# - HASŁO DODATKOWE - NAZWA OSOBOWA
Nazwa osobowa Frenk, Aleksandr Moiseevič
Daty związane z nazwą (1928-1976).
856 ## - LOKALIZACJA I DOSTĘP DO ELEKTRONICZNYCH DOKUMENTÓW ZDALNYCH
Link (URL) http://koha.tu.koszalin.pl/cgi-bin/koha/opac-detail.pl?biblionumber=26722
Tekst linku Katalog online BPK
942 ## - DODATKOWE ELEMENTY (KOHA)
Typ dokumentu Książka
Egzemplarze
Wycofany Status egzemplarza Uszkodzony Dostępność Lokalizacja stała Lokalizacja bieżąca Miejsce przechowywania Sygnatura Kod kreskowy Typ dokumentu Numer ubytku
      Dostępny Biblioteka Politechniki Koszalińskiej Biblioteka Politechniki Koszalińskiej Wypożyczalnia BG 18290 01717747 Książka  
  Egz. niedostępny   Niedostępny Biblioteka Politechniki Koszalińskiej Biblioteka Politechniki Koszalińskiej   18291 01717754 Książka 11809
© 2023 Biblioteka Politechniki Koszalińskiej :: KOHA